|
|
|
|
| LEADER |
01228ppm a22003138a 4500 |
| 001 |
00031649 |
| 008 |
140113s2013 ||||||viesd |
| 005 |
20171026081025.0 |
| 041 |
0 |
# |
|a vie
|
| 082 |
1 |
4 |
|a 391.009 597 95
|b T310H
|
| 100 |
1 |
# |
|a Thị, Út Hòa
|
| 245 |
1 |
0 |
|a Tìm hiểu văn hóa trang phục người Khmer tỉnh Kiên Giang
|b Khóa luận tốt nghiệp : Ngành Quản lý văn hóa: Trình độ : Đại học
|c Thị Út Hòa; Phan Trọng Nam (hướng dẫn)
|
| 260 |
# |
# |
|a Đồng Tháp
|b Trường Đại học Đồng Tháp
|c 2013
|
| 300 |
# |
# |
|b minh họa
|a 60 tr.
|c 30 cm.
|
| 500 |
# |
# |
|a ĐTTTS ghi: Bộ Giáo dục và Đào tạo. Trường Đại học Đồng Tháp. Khoa Tâm lý Giáo dục và Quản lý Giáo dục
|
| 653 |
# |
# |
|a Dân tộc Khmer
|
| 653 |
# |
# |
|a Kiên Giang
|
| 653 |
# |
# |
|a Trang phục
|
| 653 |
# |
# |
|a Văn hóa
|
| 700 |
1 |
# |
|a Phan, Trọng Nam
|e hướng dẫn
|
| 852 |
# |
# |
|b Kho đọc
|j KD.0015318
|
| 852 |
# |
# |
|j KD.0015318
|
| 910 |
# |
# |
|a Ntuyet
|d 13/01/2014
|
| 980 |
# |
# |
|a Trung tâm Học liệu Lê Vũ Hùng, Trường Đại học Đồng Tháp
|